|
|
|
|
| LEADER |
00000nab a2200000 a 4500 |
| 001 |
vtls008985808 |
| 003 |
SK-MaSNL |
| 005 |
20260304143525.0 |
| 008 |
250505c2007 xo mr|p|||||||000 b|slo |
| 015 |
|
|
|a SNBRB2007/05
|2 snkbucl
|
| 035 |
|
|
|a (uuid)0b0a0416-3f8b-4b44-b8d1-7bcc501738a8
|
| 035 |
|
|
|a urn:nbn:sk:snk-abc1oz
|
| 035 |
|
|
|a (urnnbn)urn:nbn:sk:snk:ar-000ir8
|
| 038 |
|
|
|a SNKBUCL
|
| 040 |
|
|
|a SNKBUCL
|b slo
|c SNKBUCL
|e AACR2
|
| 041 |
0 |
|
|a cze
|
| 044 |
|
|
|a xo
|c SK
|
| 080 |
|
|
|a 821.162.3-1
|2 2001
|
| 100 |
1 |
|
|a Skácel, Jan,
|d 1922-1989
|4 aut
|9 222884
|
| 245 |
1 |
0 |
|a [Básne]
|c Jan Skácel
|
| 300 |
|
|
|b Fotogr.
|
| 500 |
|
|
|a Blok obsahuje 8 básní
|
| 655 |
|
7 |
|a česká poézia
|2 snkbucl
|9 70569
|
| 740 |
0 |
2 |
|a Podzim za městem
|
| 740 |
0 |
2 |
|a Malá nádraží
|
| 740 |
0 |
2 |
|a Naše zcela obyčejné město
|
| 740 |
0 |
2 |
|a Přísloví
|
| 740 |
0 |
2 |
|a Nahým a mokrým navrch
|
| 740 |
0 |
2 |
|a Převozné pro Chárona
|
| 740 |
0 |
2 |
|a Potom
|
| 740 |
0 |
2 |
|a Odvaha k tomu
|
| 773 |
0 |
|
|t Romboid
|g Roč. XLII, č. 3 (2007), s. 21-24
|x 0231-6714
|
| 850 |
|
|
|a Slovenská národná knižnica
|
| 852 |
|
|
|a Slovenská národná knižnica
|
| 954 |
|
|
|a beletria cudzojazyčná (svetová)
|2 lita
|
| 958 |
|
|
|a article15
|
| 958 |
|
|
|a OND
|
| 958 |
|
|
|a LX
|
| 958 |
|
|
|a CZ
|
| 958 |
|
|
|a EUIPO
|
| 999 |
|
|
|c 2925915
|d 2927845
|